[Event "Jakarta zt (Women)"]
[Site "Jakarta"]
[Date "1993.??.??"]
[Round "1"]
[White "Mills, Natalie"]
[Black "Berezina, Irina"]
[Result "1/2-1/2"]
[WhiteElo "2005"]
[BlackElo "2195"]
[EventDate "1993.??.??"]
[PlyCount "46"]

1.d4 Nf6 2.Nf3 g6 3.Bg5 Ne4 4.Bh4 c5 5.c3 Bg7 6.Nbd2 d5 7.e3 Qb6 8.Qb3 
Nxd2 9.Nxd2 Nc6 10.Be2 O-O 11.O-O Bf5 12.dxc5 Qxc5 13.Bg3 e5 14.Nf3 Bf6 
15.Rad1 Be6 16.Qb5 Qe7 17.c4 dxc4 18.Nd2 Qc7 19.Nxc4 Rad8 20.Qa4 Qb8 21.
Nd2 Bf5 22.Bf3 Bd3 23.Rfe1 Qc7 1/2-1/2

[Event "Jakarta zt (Women)"]
[Site "Jakarta"]
[Date "1993.??.??"]
[Round "1"]
[White "Takemoto, Naoko"]
[Black "Pham, Ngoc Thanh"]
[Result "1-0"]
[WhiteElo "2030"]
[BlackElo "2200"]
[EventDate "1993.??.??"]
[PlyCount "69"]

1.d4 Nf6 2.Nf3 d5 3.Bf4 e6 4.e3 c5 5.Nbd2 Nc6 6.c3 Be7 7.Bd3 O-O 8.O-O Nh5
9.dxc5 Nxf4 10.exf4 Bxc5 11.Nb3 Bd6 12.g3 Bd7 13.Ng5 h6 14.Qh5 f5 15.Nf3 
e5 16.fxe5 Nxe5 17.Nxe5 Bxe5 18.Rfe1 Bd6 19.Rad1 Kh7 20.Bc2 g6 21.Qf3 Bc6 
22.Nd4 Qb6 23.Bb3 f4 24.Qd3 Rf6 25.g4 Bc5 26.f3 Bb5 27.Qd2 Qd6 28.Kg2 Bc6 
29.Re2 Bxd4 30.Qxd4 h5 31.h3 hxg4 32.hxg4 Rd8 33.Rde1 Rd7 34.Rh1+ Kg8 35.
g5 1-0

[Event "Jakarta zt (Women)"]
[Site "Jakarta"]
[Date "1993.??.??"]
[Round "2"]
[White "Mariano, Christine Rose"]
[Black "Takemoto, Naoko"]
[Result "1-0"]
[WhiteElo "2005"]
[BlackElo "2030"]
[EventDate "1993.??.??"]
[PlyCount "141"]

1.e4 d6 2.d4 g6 3.Nc3 Bg7 4.f4 c6 5.Nf3 Bg4 6.Be3 Nd7 7.Bd3 e5 8.dxe5 dxe5
9.f5 Bh6 10.Bxh6 Nxh6 11.h3 Bxf3 12.Qxf3 Qg5 13.h4 Qh5 14.Qf1 Ng4 15.Be2 
Ndf6 16.Qf3 Qh6 17.Qg3 Qe3 18.Qf3 Rd8 19.Rd1 Ke7 20.Rh3 Qg1+ 21.Qf1 Qc5 
22.Bxg4 Nxg4 23.Rdd3 h5 24.Ke2 b5 25.fxg6 fxg6 26.Rhf3 Rdf8 27.Qc1 Rxf3 
28.Rxf3 Qc4+ 29.Ke1 Qe6 30.Qg5+ Ke8 31.Rd3 Kf7 32.Ne2 Kg7 33.Ng3 Kh7 34.
Qd2 Re8 35.Rd6 Qf7 36.Rxc6 Re7 37.Rd6 Qxa2 38.Qg5 Qf7 39.Qd2 Qf4 40.Nf1 
Nf6 41.Qxf4 exf4 42.Rxf6 Rxe4+ 43.Kd2 a5 44.Ra6 a4 45.Rb6 Rb4 46.Kc1 Re4 
47.Kd2 Rb4 48.b3 axb3 49.cxb3 Rxb3 50.Kc2 Rb4 51.Nd2 f3 52.Nxf3 Rg4 53.
Rxb5 Rxg2+ 54.Kd3 Rg4 55.Rg5 Ra4 56.Nd4 Kh6 57.Ke4 Ra1 58.Kf4 Rh1 59.Nf3 
Ra1 60.Rd5 Ra4+ 61.Rd4 Ra7 62.Ng5 Ra1 63.Ke5 Re1+ 64.Kf6 Rf1+ 65.Ke7 Rh1 
66.Ne6 Kh7 67.Rf4 Re1 68.Kf7 Rg1 69.Nf8+ Kh8 70.Nxg6+ Kh7 71.Rf6 1-0

[Event "Jakarta zt (Women)"]
[Site "Jakarta"]
[Date "1993.??.??"]
[Round "2"]
[White "Pham, Ngoc Thanh"]
[Black "Mills, Natalie"]
[Result "1-0"]
[WhiteElo "2200"]
[BlackElo "2005"]
[EventDate "1993.??.??"]
[PlyCount "53"]

1.d4 Nf6 2.c4 e6 3.Nc3 Bb4 4.f3 c5 5.d5 Bxc3+ 6.bxc3 Qa5 7.Bd2 O-O 8.e4 d6
9.Ne2 e5 10.Ng3 g6 11.Bd3 Nbd7 12.O-O Qc7 13.f4 exf4 14.Bxf4 Ne8 15.Bh6 
Ng7 16.Qf3 Ne5 17.Qf6 Ne8 18.Qh4 Ng7 19.Bc2 Qd8 20.Bg5 Qd7 21.h3 b6 22.Be7
Re8 23.Bf6 h5 24.Qg5 Kh7 25.Bxg7 Kxg7 26.Nxh5+ Kh8 27.Qh6+ 1-0

[Event "Jakarta zt (Women)"]
[Site "Jakarta"]
[Date "1993.??.??"]
[Round "2"]
[White "Wong, Audrey"]
[Black "Dekic, Biljana N"]
[Result "1/2-1/2"]
[WhiteElo "2055"]
[BlackElo "2155"]
[EventDate "1993.??.??"]
[PlyCount "37"]

1.d4 Nf6 2.Nf3 b6 3.c4 e6 4.Nc3 Bb4 5.Qc2 a5 6.e4 Bb7 7.Bd3 d6 8.O-O Bxc3 
9.bxc3 Nbd7 10.Ba3 e5 11.Rab1 c5 12.Rfe1 O-O 13.Rbd1 Ne8 14.Qe2 a4 15.Bc2 
Qc7 16.Rd2 Nb8 17.Red1 Bc8 18.h3 Nc6 19.Rb1 1/2-1/2

[Event "Jakarta zt (Women)"]
[Site "Jakarta"]
[Date "1993.??.??"]
[Round "3"]
[White "Dekic, Biljana N"]
[Black "Berezina, Irina"]
[Result "1/2-1/2"]
[WhiteElo "2155"]
[BlackElo "2195"]
[EventDate "1993.??.??"]
[PlyCount "30"]

1.d4 Nf6 2.c4 g6 3.Nc3 Bg7 4.e4 d6 5.Nge2 O-O 6.Ng3 e5 7.d5 a5 8.Be2 Na6 
9.h4 Bd7 10.Be3 Qc8 11.f3 Nc5 12.Qd2 h5 13.O-O-O a4 14.Rdg1 b6 15.Bd1 Qa6 
1/2-1/2

[Event "Jakarta zt (Women)"]
[Site "Jakarta"]
[Date "1993.??.??"]
[Round "3"]
[White "Lindri, Juni Wijayanti"]
[Black "Sulistya, Maria Lucia Ratna"]
[Result "1/2-1/2"]
[WhiteElo "2155"]
[BlackElo "2195"]
[EventDate "1993.??.??"]
[PlyCount "81"]

1.d4 Nf6 2.Nf3 e6 3.Bf4 c5 4.e3 Nc6 5.c3 Qb6 6.Qc1 Nh5 7.Bg3 Nxg3 8.hxg3 
d5 9.Bd3 g6 10.Nbd2 Bg7 11.Qb1 e5 12.dxe5 Nxe5 13.Nxe5 Bxe5 14.Nf3 Bf6 15.
Qc2 Be6 16.Qa4+ Bd7 17.Qc2 Rc8 18.Qd2 a5 19.Rd1 Qe6 20.Qe2 O-O 21.O-O Qc6 
22.Rd2 Rfe8 23.Rc1 b5 24.a3 Qb7 25.Qd1 Bc6 26.Bb1 d4 27.cxd4 cxd4 28.exd4 
Bxf3 29.gxf3 Rxc1 30.Qxc1 Qxf3 31.Qf1 Rd8 32.Qg2 Qxg2+ 33.Kxg2 Rxd4 34.
Rxd4 Bxd4 35.b3 b4 36.axb4 axb4 37.Bd3 Kg7 38.f3 f5 39.g4 f4 40.Bb5 Kf6 
41.Bc4 1/2-1/2

[Event "Jakarta zt (Women)"]
[Site "Jakarta"]
[Date "1993.??.??"]
[Round "3"]
[White "Mills, Natalie"]
[Black "Mariano, Christine Rose"]
[Result "0-1"]
[WhiteElo "2005"]
[BlackElo "2005"]
[EventDate "1993.??.??"]
[PlyCount "120"]

1.d4 Nf6 2.Nf3 g6 3.Bg5 Bg7 4.Nbd2 O-O 5.c3 d6 6.e4 h6 7.Bh4 Nbd7 8.Be2 e5
9.dxe5 dxe5 10.O-O Qe8 11.Qc2 Nh5 12.Rfe1 Nf4 13.Bf1 Nc5 14.b4 Na4 15.Rad1
Be6 16.Bc4 b5 17.Bxe6 Qxe6 18.c4 g5 19.Bg3 Qc6 20.c5 a5 21.a3 axb4 22.axb4
Nb6 23.Qb3 Nd7 24.Nf1 Ra4 25.Ne3 Rfa8 26.Nf5 Kf8 27.Bxf4 gxf4 28.Rd3 Ra1 
29.Red1 R8a3 30.Qxa3 Rxa3 31.Rxa3 Qxe4 32.Nxg7 Kxg7 33.Rad3 Nf6 34.Rb3 Qc2
35.Rdb1 Ne4 36.R3b2 Qc3 37.h3 Ng5 38.Nxg5 hxg5 39.Rb3 Qd4 40.Re1 f5 41.
Rbb1 Kf6 42.Red1 Qe4 43.Re1 Qc4 44.Rec1 Qa2 45.Ra1 Qd2 46.Rd1 Qxb4 47.Ra6+
Ke7 48.Rc6 Qa5 49.Rd5 Qa1+ 50.Kh2 g4 51.Rxc7+ Ke8 52.hxg4 fxg4 53.Rdd7 g3+
54.Kh3 Qh1+ 55.Kg4 gxf2 56.Re7+ Kf8 57.Rf7+ Kg8 58.Rg7+ Kh8 59.Rgd7 Qxg2+ 
60.Kf5 f1=Q 0-1

[Event "Jakarta zt (Women)"]
[Site "Jakarta"]
[Date "1993.??.??"]
[Round "4"]
[White "Lumongdong, Lisa Karlina"]
[Black "Takemoto, Naoko"]
[Result "1/2-1/2"]
[WhiteElo "2085"]
[BlackElo "2030"]
[EventDate "1993.??.??"]
[PlyCount "56"]

1.e4 e6 2.d4 d5 3.Nd2 Nf6 4.e5 Nfd7 5.Bd3 c5 6.c3 Nc6 7.Ne2 cxd4 8.cxd4 f6
9.exf6 Nxf6 10.O-O Bd6 11.Nf3 O-O 12.Bg5 Qc7 13.Nc3 a6 14.Bh4 g6 15.Bg3 
Nh5 16.Bxd6 Qxd6 17.g3 Bd7 18.Re1 Rxf3 19.Qxf3 Nxd4 20.Qe3 e5 21.f4 Bg4 
22.fxe5 Qb6 23.Nxd5 Nf3+ 24.Kh1 Qxb2 25.Qe2 Qd4 26.Qe4 Qb2 27.Qe2 Qd4 28.
Qe4 Qb2 1/2-1/2

[Event "Jakarta zt (Women)"]
[Site "Jakarta"]
[Date "1993.??.??"]
[Round "4"]
[White "Pham, Ngoc Thanh"]
[Black "Dekic, Biljana N"]
[Result "1-0"]
[WhiteElo "2200"]
[BlackElo "2155"]
[EventDate "1993.??.??"]
[PlyCount "79"]

1.d4 g6 2.c4 Bg7 3.Nc3 d6 4.e4 Nd7 5.Be3 e5 6.d5 a5 7.Nge2 Nc5 8.Qd2 h5 9.
Nc1 Nh6 10.f3 b6 11.Nb3 f6 12.O-O-O Nf7 13.Be2 Bd7 14.g4 hxg4 15.fxg4 Rh3 
16.Kb1 a4 17.Nxc5 bxc5 18.Rdg1 Qb8 19.Bf1 Rh4 20.h3 a3 21.b3 Qb4 22.Qe1 
Rh8 23.Bd2 Qb6 24.h4 Ke7 25.Bd3 Nd8 26.g5 f5 27.exf5 gxf5 28.h5 e4 29.h6 
Be5 30.g6 Ba4 31.Nxa4 Rxa4 32.Bc3 Rb4 33.Bc2 Rxc4 34.Bxe5 dxe5 35.g7 Rg8 
36.h7 Rxc2 37.Kxc2 c4 38.hxg8=Q cxb3+ 39.axb3 Qc5+ 40.Qc3 1-0

[Event "Jakarta zt (Women)"]
[Site "Jakarta"]
[Date "1993.??.??"]
[Round "4"]
[White "Wong, Audrey"]
[Black "Lindri, Juni Wijayanti"]
[Result "1/2-1/2"]
[WhiteElo "2055"]
[BlackElo "2155"]
[EventDate "1993.??.??"]
[PlyCount "53"]

1.Nf3 Nf6 2.g3 g6 3.Bg2 Bg7 4.O-O O-O 5.d3 d6 6.e4 c5 7.Nbd2 Nc6 8.c3 e5 
9.Re1 Re8 10.Nb3 h6 11.Be3 Rb8 12.Rc1 Be6 13.h3 Qc8 14.Kh2 b5 15.d4 Bxb3 
16.axb3 Nxe4 17.Ng1 exd4 18.cxd4 d5 19.Bxe4 Rxe4 20.Rxc5 Qe6 21.Ne2 Bxd4 
22.Nf4 Qd6 23.Rxd5 Qe7 24.Ng2 Qe6 25.Nf4 Qe7 26.Ng2 Qe6 27.Nf4 1/2-1/2

[Event "Jakarta zt (Women)"]
[Site "Jakarta"]
[Date "1993.??.??"]
[Round "5"]
[White "Dekic, Biljana N"]
[Black "Mariano, Christine Rose"]
[Result "1/2-1/2"]
[WhiteElo "2155"]
[BlackElo "2005"]
[EventDate "1993.??.??"]
[PlyCount "93"]

1.e4 c5 2.Nf3 d6 3.d4 cxd4 4.Nxd4 Nf6 5.Nc3 a6 6.Be2 e5 7.Nb3 Be6 8.O-O 
Be7 9.Be3 O-O 10.Kh1 b5 11.a3 Nbd7 12.f3 Nb6 13.Na5 Qc7 14.Qe1 d5 15.Bg5 
d4 16.Nd1 Nc4 17.Nxc4 bxc4 18.f4 exf4 19.Qh4 h6 20.Bxf4 Nxe4 21.Bxc7 Bxh4 
22.Rf4 Bg3 23.Rxe4 Bxc7 24.Rxd4 Rfe8 25.Nc3 Be5 26.Re4 Bf5 27.Rxe5 Rxe5 
28.Bxc4 Bxc2 29.Rf1 Ra7 30.h3 Kf8 31.Rf2 Bg6 32.Nd5 Re1+ 33.Kh2 Rc1 34.Bb3
Rb7 35.Ba4 f6 36.Re2 Rb1 37.b4 Ra1 38.Re3 Bf7 39.Nf4 g5 40.Ne6+ Kg8 41.Nc5
Rb6 42.Rd3 Bc4 43.Rd8+ Kg7 44.Rd7+ Kh8 45.Rd8+ Kg7 46.Rd7+ Kh8 47.Rd8+ 
1/2-1/2

[Event "Jakarta zt (Women)"]
[Site "Jakarta"]
[Date "1993.??.??"]
[Round "5"]
[White "Mills, Natalie"]
[Black "Lumongdong, Lisa Karlina"]
[Result "1/2-1/2"]
[WhiteElo "2005"]
[BlackElo "2085"]
[EventDate "1993.??.??"]
[PlyCount "63"]

1.d4 Nf6 2.Nf3 g6 3.Bg5 Bg7 4.Nbd2 d5 5.e3 c5 6.c3 Qb6 7.Qb3 Nc6 8.Be2 O-O
9.O-O Rd8 10.Rad1 Bf5 11.Ne5 c4 12.Qa3 h6 13.Bh4 g5 14.Bg3 Nxe5 15.Bxe5 
Bf8 16.b3 cxb3 17.Qxb3 Qxb3 18.axb3 Nd7 19.Bg3 e6 20.Ra1 Rdc8 21.Rfc1 a5 
22.Bb5 Nf6 23.h3 b6 24.Be5 Be7 25.g4 Bg6 26.f3 Kf8 27.Nb1 Bd8 28.Na3 Ke7 
29.Be2 Bc7 30.Bxc7 Rxc7 31.Nb5 Rcc8 32.Kf2 1/2-1/2

[Event "Jakarta zt (Women)"]
[Site "Jakarta"]
[Date "1993.??.??"]
[Round "5"]
[White "Sulistya, Maria Lucia Ratna"]
[Black "Wong, Audrey"]
[Result "0-1"]
[WhiteElo "2195"]
[BlackElo "2055"]
[EventDate "1993.??.??"]
[PlyCount "90"]

1.e4 g6 2.d4 Bg7 3.Nc3 d6 4.Be3 Nf6 5.f3 O-O 6.Qd2 Nbd7 7.h4 c5 8.dxc5 
Nxc5 9.O-O-O Qa5 10.Kb1 Be6 11.Nd5 Qa4 12.b3 Qa3 13.Nxe7+ Kh8 14.Bd4 Rfe8 
15.e5 Nxb3 16.axb3 dxe5 17.Bxe5 Qxe7 18.Bd6 Qd7 19.Nh3 Nd5 20.Ba3 Nc3+ 21.
Kc1 Na2+ 22.Kb1 Nc3+ 23.Kc1 Nxd1 24.Qxd7 Bxd7 25.Kxd1 Bc3 26.Bc4 Bxh3 27.
gxh3 Kg7 28.Bc5 Rad8+ 29.Bd3 Rd5 30.Ba3 Ra5 31.Bc1 Ra1 32.Rg1 h5 33.Be4 
Bb2 34.Kd2 Rd8+ 35.Bd3 Bxc1+ 36.Rxc1 Rxc1 37.Kxc1 Kf6 38.Be4 Rd7 39.c4 Ke5
40.Kc2 f5 41.Bd5 Rxd5 42.cxd5 Kxd5 43.Kd3 a5 44.Kc3 b5 45.Kd3 a4 0-1

[Event "Jakarta zt (Women)"]
[Site "Jakarta"]
[Date "1993.??.??"]
[Round "6"]
[White "Berezina, Irina"]
[Black "Sulistya, Maria Lucia Ratna"]
[Result "1/2-1/2"]
[WhiteElo "2195"]
[BlackElo "2195"]
[EventDate "1993.??.??"]
[PlyCount "27"]

1.d4 Nf6 2.c4 e6 3.Nf3 b6 4.Nc3 Bb7 5.Bg5 Bb4 6.Qc2 h6 7.Bd2 O-O 8.e3 d5 
9.cxd5 Nxd5 10.Bd3 Nxc3 11.bxc3 Be7 12.O-O c5 13.Ne5 Nd7 14.Nxd7 1/2-1/2

[Event "Jakarta zt (Women)"]
[Site "Jakarta"]
[Date "1993.??.??"]
[Round "6"]
[White "Pham, Ngoc Thanh"]
[Black "Lindri, Juni Wijayanti"]
[Result "0-1"]
[WhiteElo "2200"]
[BlackElo "2155"]
[EventDate "1993.??.??"]
[PlyCount "74"]

1.d4 Nf6 2.c4 g6 3.Nc3 Bg7 4.e4 d6 5.f3 O-O 6.Be3 e5 7.d5 Nh5 8.g4 Nf4 9.
Nge2 Qh4+ 10.Bf2 Qe7 11.h4 f5 12.gxf5 gxf5 13.Nxf4 exf4 14.Bd4 Be5 15.Qd2 
Nd7 16.O-O-O Nf6 17.exf5 Bxf5 18.Re1 Rae8 19.Bd3 Qd7 20.Reg1+ Kh8 21.Bxf5 
Qxf5 22.Rg5 Qd7 23.Ne2 c6 24.Nxf4 cxd5 25.Nh5 Nxh5 26.Rxh5 Qf7 27.Rg5 dxc4
28.Rhg1 Qxf3 29.Rg7 a6 30.Bxe5 dxe5 31.Qd7 Qe3+ 32.Kd1 Qd3+ 33.Qxd3 cxd3 
34.Rxb7 e4 35.Rgg7 Rf1+ 36.Kd2 e3+ 37.Kxd3 e2 0-1

[Event "Jakarta zt (Women)"]
[Site "Jakarta"]
[Date "1993.??.??"]
[Round "6"]
[White "Takemoto, Naoko"]
[Black "Mills, Natalie"]
[Result "0-1"]
[WhiteElo "2030"]
[BlackElo "2005"]
[EventDate "1993.??.??"]
[PlyCount "108"]

1.f4 d5 2.Nf3 Nf6 3.e3 e6 4.b3 Be7 5.Bb2 O-O 6.Be2 c5 7.O-O Nc6 8.d3 b6 9.
Ne5 Bb7 10.Nd2 Rc8 11.Qe1 Nd7 12.Nxd7 Qxd7 13.Qg3 f6 14.Bf3 Bd6 15.Qh3 Bb8
16.Kh1 Rcd8 17.Bg4 f5 18.Be2 e5 19.fxe5 Nxe5 20.Rae1 Rf6 21.g3 Rdf8 22.Nf3
Rh6 23.Qxh6 gxh6 24.Bxe5 Bxe5 25.Nxe5 d4+ 26.Bf3 Bxf3+ 27.Nxf3 Re8 28.exd4
Rxe1 29.Rxe1 Qc6 30.Kg2 cxd4 31.Re2 Kf7 32.Kf2 Kf6 33.Nxd4 Qc5 34.Ke3 Qe5+
35.Kd2 Qxd4 36.c3 Qg1 37.d4 Qb1 38.Ke3 Qc1+ 39.Kd3 Qb1+ 40.Ke3 Qe4+ 41.Kd2
Qd5 42.Kd3 h5 43.Rf2 h4 44.gxh4 Qe4+ 45.Kd2 Qxh4 46.Re2 Qf4+ 47.Kc2 Qg4 
48.Kd2 f4 49.Rf2 Kf5 50.d5 Ke4 51.c4 f3 52.Kc3 Qg1 53.Rd2 Qe3+ 54.Kc2 f2 
0-1

[Event "Jakarta zt (Women)"]
[Site "Jakarta"]
[Date "1993.??.??"]
[Round "7"]
[White "Dekic, Biljana N"]
[Black "Lumongdong, Lisa Karlina"]
[Result "1-0"]
[WhiteElo "2155"]
[BlackElo "2085"]
[EventDate "1993.??.??"]
[PlyCount "63"]

1.d4 Nf6 2.c4 g6 3.Nc3 Bg7 4.e4 d6 5.Nge2 O-O 6.Ng3 e5 7.d5 c6 8.Be2 cxd5 
9.cxd5 Bd7 10.O-O Na6 11.Be3 Qe7 12.Qd2 Rfc8 13.Rfc1 h5 14.f3 Qe8 15.Bxa6 
bxa6 16.Qe2 Rcb8 17.Qxa6 Rxb2 18.Rab1 Qb8 19.Nge2 Ne8 20.Rxb2 Qxb2 21.Rb1 
Qc2 22.Qb7 Rd8 23.Qxa7 Nf6 24.Bg5 Be8 25.Rb8 Rxb8 26.Qxb8 Kh7 27.Bxf6 Qd2 
28.Bh4 Ba4 29.Qb1 Bc2 30.Qc1 Qd3 31.Bg5 f6 32.Be3 1-0

[Event "Jakarta zt (Women)"]
[Site "Jakarta"]
[Date "1993.??.??"]
[Round "7"]
[White "Lindri, Juni Wijayanti"]
[Black "Mariano, Christine Rose"]
[Result "1-0"]
[WhiteElo "2155"]
[BlackElo "2005"]
[EventDate "1993.??.??"]
[PlyCount "67"]

1.e4 c5 2.Nf3 d6 3.d4 cxd4 4.Nxd4 Nf6 5.Nc3 a6 6.Bg5 e6 7.f4 Qb6 8.Qd2 
Qxb2 9.Rb1 Qa3 10.Bxf6 gxf6 11.Be2 Nc6 12.Nxc6 bxc6 13.O-O h5 14.Rb3 Qa5 
15.Kh1 Be7 16.Rfb1 Kf8 17.Qe3 d5 18.Qb6 Qc5 19.Na4 Qd6 20.e5 fxe5 21.Qf2 
Bd8 22.fxe5 Qe7 23.Rf1 Ke8 24.Rf3 Ra7 25.c4 Rh7 26.Rg3 Kf8 27.Qe3 Qc7 28.
Bd3 Rh8 29.Bg6 Qb8 30.Qc5+ Ke8 31.Qxc6+ Kf8 32.Rgf3 f5 33.exf6 Rd7 34.Qxe6
1-0

[Event "Jakarta zt (Women)"]
[Site "Jakarta"]
[Date "1993.??.??"]
[Round "7"]
[White "Sulistya, Maria Lucia Ratna"]
[Black "Pham, Ngoc Thanh"]
[Result "1-0"]
[WhiteElo "2195"]
[BlackElo "2200"]
[EventDate "1993.??.??"]
[PlyCount "73"]

1.e4 e5 2.Nf3 Nf6 3.d4 Nxe4 4.Bd3 d5 5.Nxe5 Nd7 6.Nxd7 Bxd7 7.O-O Be7 8.c4
Nf6 9.Qb3 Bc6 10.Nc3 O-O 11.c5 b6 12.cxb6 axb6 13.Qc2 Bb7 14.Bf4 c5 15.Nb5
Ba6 16.a4 Qd7 17.Rfe1 g6 18.b3 Rfc8 19.Qe2 Bf8 20.h3 Rc6 21.Be5 Rac8 22.
Rac1 Bg7 23.Qf3 c4 24.bxc4 dxc4 25.Bxc4 Rxc4 26.Rxc4 Rxc4 27.Bxf6 Rxa4 28.
Qa8+ Bc8 29.Qxa4 Bxf6 30.Qb4 Kg7 31.Nd6 Bd8 32.Ne8+ Kg8 33.d5 Bb7 34.Qd4 
f5 35.Nf6+ Bxf6 36.Qxf6 Qf7 37.Qd8+ 1-0

[Event "Jakarta zt (Women)"]
[Site "Jakarta"]
[Date "1993.??.??"]
[Round "7"]
[White "Wong, Audrey"]
[Black "Berezina, Irina"]
[Result "1/2-1/2"]
[WhiteElo "2055"]
[BlackElo "2195"]
[EventDate "1993.??.??"]
[PlyCount "43"]

1.d4 Nf6 2.c4 g6 3.Nc3 Bg7 4.e4 d6 5.Be2 O-O 6.Bg5 c5 7.d5 Qb6 8.Qd2 h6 9.
Bxh6 Bxh6 10.Qxh6 Qxb2 11.Rc1 b5 12.cxb5 a6 13.h4 Nbd7 14.h5 Ne5 15.hxg6 
fxg6 16.Nf3 Nxf3+ 17.gxf3 Kf7 18.Qe3 Qb4 19.Rb1 Qd4 20.b6 Rb8 21.a4 a5 22.
Rg1 1/2-1/2

[Event "Jakarta zt (Women)"]
[Site "Jakarta"]
[Date "1993.??.??"]
[Round "8"]
[White "Mariano, Christine Rose"]
[Black "Sulistya, Maria Lucia Ratna"]
[Result "0-1"]
[WhiteElo "2005"]
[BlackElo "2195"]
[EventDate "1993.??.??"]
[PlyCount "44"]

1.e4 e5 2.Nf3 Nc6 3.Bb5 a6 4.Ba4 Nf6 5.O-O Nxe4 6.d4 b5 7.Bb3 d5 8.dxe5 
Be6 9.Qe2 Bc5 10.Nbd2 Bf5 11.Nxe4 Bxe4 12.Rd1 O-O 13.c4 bxc4 14.Bxc4 Bxf3 
15.Qxf3 Nxe5 16.Qc3 Nxc4 17.b3 Qh4 18.g3 Bxf2+ 19.Kg2 Bxg3 20.hxg3 Qe4+ 
21.Kg1 Ne5 22.Be3 Rfe8 0-1

[Event "Jakarta zt (Women)"]
[Site "Jakarta"]
[Date "1993.??.??"]
[Round "8"]
[White "Pham, Ngoc Thanh"]
[Black "Wong, Audrey"]
[Result "0-1"]
[WhiteElo "2200"]
[BlackElo "2055"]
[EventDate "1993.??.??"]
[PlyCount "112"]

1.e4 g6 2.d4 Bg7 3.Nc3 d6 4.Bg5 Nc6 5.Nge2 h6 6.Bh4 Nf6 7.f4 O-O 8.Qd2 a6 
9.Nc1 b5 10.a3 Rb8 11.Be2 Na5 12.b4 Nc4 13.Bxc4 bxc4 14.Qe2 c5 15.e5 dxe5 
16.dxe5 Qd4 17.N1a2 Nd5 18.Qd2 Nxf4 19.O-O-O Nd3+ 20.cxd3 Qxh4 21.d4 Qxd4 
22.Qxd4 cxd4 23.Rxd4 Bxe5 24.Rxc4 Be6 25.Rc6 Rfc8 26.Rxc8+ Rxc8 27.Kd2 Kg7
28.g3 Rd8+ 29.Kc2 Rc8 30.Kd2 Bf5 31.Rd1 h5 32.a4 h4 33.Re1 Rd8+ 34.Kc1 Bf6
35.b5 axb5 36.axb5 hxg3 37.hxg3 Rd3 38.Kb2 Rd5 39.Kb3 Rd6 40.Kb4 e6 41.Nc1
Bd4 42.N1e2 Bf2 43.Ra1 Rd2 44.Rf1 Bb6 45.Ra1 e5 46.Ra6 Bf2 47.Rc6 Bd3 48.
Nc1 Rb2+ 49.Ka5 e4 50.b6 Bxg3 51.Rc7 Bf2 52.Rc6 Be1 53.Nxd3 exd3 54.Ka6 
Bg3 55.b7 d2 56.Rb6 Rc2 0-1

[Event "Jakarta zt (Women)"]
[Site "Jakarta"]
[Date "1993.??.??"]
[Round "8"]
[White "Takemoto, Naoko"]
[Black "Dekic, Biljana N"]
[Result "0-1"]
[WhiteElo "2030"]
[BlackElo "2155"]
[EventDate "1993.??.??"]
[PlyCount "152"]

1.d4 g6 2.e4 d6 3.Nc3 Bg7 4.f4 e5 5.dxe5 dxe5 6.Qxd8+ Kxd8 7.Bc4 Be6 8.
Bxe6 fxe6 9.Nf3 Nc6 10.Be3 h6 11.O-O-O+ Ke8 12.Nb5 Rc8 13.fxe5 a6 14.Nbd4 
Nd8 15.h4 Ne7 16.Nb3 b6 17.Bf4 Rf8 18.Bg3 c5 19.Rd6 Nec6 20.Rhd1 Rf7 21.
Nbd2 b5 22.Nf1 Bf8 23.Ne3 Bg7 24.Kb1 h5 25.Ng5 Re7 26.Nf3 Nf7 27.a4 Bh6 
28.Nf1 Nxd6 29.exd6 Rb7 30.a5 Rd7 31.Ne5 Nxe5 32.Bxe5 Bg7 33.Bxg7 Rxg7 34.
Nd2 c4 35.Nf3 Rc5 36.e5 Kd7 37.Rd4 Rf7 38.b4 cxb3 39.cxb3 Rf5 40.Re4 Rc3 
41.Kb2 Rd3 42.Re1 Rf8 43.Rc1 Rc8 44.Rxc8 Kxc8 45.Ka3 Kd7 46.Kb4 Re3 47.Ka3
Re4 48.Kb2 Re2+ 49.Kc3 Rxg2 50.Kb4 Rf2 51.Nd4 Rf4 52.Kc5 Re4 53.Nc6 Rxh4 
54.Nb8+ Kc8 55.Nxa6 Re4 56.Nc7 Rxe5+ 57.Kb6 Kd7 58.a6 Rf5 59.a7 Rf8 60.Kb7
Kxd6 61.Nxb5+ Kd7 62.Nc7 h4 63.Na6 Kd6 64.Nb8 Rf7+ 65.Kb6 Rxa7 66.Kxa7 h3 
67.b4 h2 68.b5 h1=Q 69.b6 Qa1+ 70.Na6 Qd4 71.Nb8 g5 72.Na6 g4 73.Nc7 Kc6 
74.Nd5 Qa4+ 75.Kb8 Kxd5 76.b7 Qe8+ 0-1

[Event "Jakarta zt (Women)"]
[Site "Jakarta"]
[Date "1993.??.??"]
[Round "9"]
[White "Berezina, Irina"]
[Black "Pham, Ngoc Thanh"]
[Result "1-0"]
[WhiteElo "2195"]
[BlackElo "2200"]
[EventDate "1993.??.??"]
[PlyCount "85"]

1.d4 d6 2.c4 e5 3.d5 f5 4.Nc3 Nf6 5.g3 Be7 6.Bg2 O-O 7.Nf3 Kh8 8.O-O Nbd7 
9.b3 a6 10.Bb2 Qe8 11.Ng5 Nb6 12.Nf3 Bd7 13.c5 Nc8 14.cxd6 cxd6 15.a4 a5 
16.Rc1 Nb6 17.e3 Rc8 18.Ba3 h6 19.Re1 e4 20.Nd2 Nfxd5 21.Ndxe4 fxe4 22.
Nxd5 Rxc1 23.Bxc1 Nxd5 24.Qxd5 Bc6 25.Qe6 Rf6 26.Qg4 Qf7 27.Bb2 Rg6 28.
Qc8+ Kh7 29.Bh3 Qxb3 30.Bd4 Qg8 31.Qf5 h5 32.Qxh5+ Rh6 33.Qf5+ Kh8 34.Rb1 
d5 35.Bg4 Bb4 36.Qg5 Qh7 37.Bf5 Rh5 38.Bxg7+ Qxg7 39.Qxh5+ Kg8 40.Be6+ Kf8
41.Qf5+ Ke8 42.Bxd5 Bxa4 43.Qc8+ 1-0

[Event "Jakarta zt (Women)"]
[Site "Jakarta"]
[Date "1993.??.??"]
[Round "9"]
[White "Dekic, Biljana N"]
[Black "Mills, Natalie"]
[Result "1-0"]
[WhiteElo "2155"]
[BlackElo "2005"]
[EventDate "1993.??.??"]
[PlyCount "83"]

1.d4 Nf6 2.c4 e6 3.Nc3 Bb4 4.f3 c5 5.d5 Bxc3+ 6.bxc3 Qa5 7.e4 exd5 8.cxd5 
Qxc3+ 9.Bd2 Qe5 10.Ne2 d6 11.Bc3 Qe7 12.Ng3 O-O 13.Bc4 b6 14.Qd2 Na6 15.
Bxa6 Bxa6 16.Nf5 Qd8 17.Nxg7 Nd7 18.Qh6 f6 19.Nf5 Rf7 20.Nxd6 Rg7 21.g3 
Rg6 22.Qh3 Qe7 23.Nf5 Qe8 24.d6 Kh8 25.Ne7 Rg7 26.Qe6 Rf7 27.g4 b5 28.g5 
b4 29.Bxf6+ Nxf6 30.gxf6 Qb5 31.O-O-O Qc4+ 32.Qxc4 Bxc4 33.d7 Rd8 34.Nc6 
Rdxd7 35.Rxd7 Rxd7 36.Ne5 Rd4 37.f7 Bxf7 38.Nxf7+ Kg7 39.Ne5 Kf6 40.Nc6 
Rd7 41.Rd1 Rc7 42.Rd6+ 1-0

[Event "Jakarta zt (Women)"]
[Site "Jakarta"]
[Date "1993.??.??"]
[Round "9"]
[White "Lindri, Juni Wijayanti"]
[Black "Lumongdong, Lisa Karlina"]
[Result "1-0"]
[WhiteElo "2155"]
[BlackElo "2085"]
[EventDate "1993.??.??"]
[PlyCount "73"]

1.e4 e5 2.Nf3 d6 3.d4 exd4 4.Nxd4 Nf6 5.Nc3 Be7 6.Bc4 O-O 7.O-O Nxe4 8.Nd5
c5 9.Nb5 Nc6 10.Re1 Nf6 11.Nxe7+ Nxe7 12.Nxd6 Nf5 13.Nxf7 Qxd1 14.Rxd1 b5 
15.Nh6+ Kh8 16.Nxf5 Bxf5 17.Bxb5 Bxc2 18.Re1 h6 19.Be3 Rfc8 20.Ba6 Rcb8 
21.b3 Rb6 22.Be2 Rc8 23.Rac1 Bg6 24.Bxc5 Rbc6 25.Be3 Rxc1 26.Rxc1 Rxc1+ 
27.Bxc1 Nd5 28.Bd2 Kg8 29.Bc4 Bf7 30.Be3 a5 31.Bd2 a4 32.bxa4 Kf8 33.a5 
Nc7 34.Bb3 Bxb3 35.axb3 Ke7 36.g4 Kd7 37.h4 1-0

[Event "Jakarta zt (Women)"]
[Site "Jakarta"]
[Date "1993.??.??"]
[Round "9"]
[White "Wong, Audrey"]
[Black "Mariano, Christine Rose"]
[Result "0-1"]
[WhiteElo "2055"]
[BlackElo "2005"]
[EventDate "1993.??.??"]
[PlyCount "58"]

1.d4 Nf6 2.c4 g6 3.Nc3 d6 4.e4 Bg7 5.f3 e5 6.d5 O-O 7.Be3 Ne8 8.g4 f5 9.
gxf5 gxf5 10.exf5 Bxf5 11.Qd2 Qh4+ 12.Bf2 Qh5 13.O-O-O Nf6 14.Be2 Qg6 15.
Bf1 e4 16.Nh3 exf3 17.Rg1 Qf7 18.Qf4 Qd7 19.Ng5 Nh5 20.Qh4 Bg6 21.Bh3 Qe7 
22.Be6+ Kh8 23.Rg4 Na6 24.Re1 Be5 25.Nce4 Nb4 26.Reg1 Nd3+ 27.Kc2 Nxb2 28.
Nxh7 Qxh4 29.Rxg6 Qxe4+ 0-1

[Event "Jakarta zt (Women)"]
[Site "Jakarta"]
[Date "1993.??.??"]
[Round "10"]
[White "Lumongdong, Lisa Karlina"]
[Black "Sulistya, Maria Lucia Ratna"]
[Result "0-1"]
[WhiteElo "2085"]
[BlackElo "2195"]
[EventDate "1993.??.??"]
[PlyCount "46"]

1.d4 Nf6 2.c4 e6 3.Nf3 b6 4.a3 Bb7 5.Nc3 Be7 6.d5 exd5 7.cxd5 O-O 8.e4 Re8
9.Bd3 d6 10.O-O Nbd7 11.Bg5 Nxd5 12.exd5 Bxg5 13.Nxg5 Qxg5 14.Re1 Rxe1+ 
15.Qxe1 Ne5 16.Be2 Re8 17.Qd1 f5 18.Qc2 f4 19.Rd1 f3 20.Bf1 fxg2 21.Be2 
Rf8 22.Rd4 Rxf2 23.Ne4 Nf3+ 0-1

[Event "Jakarta zt (Women)"]
[Site "Jakarta"]
[Date "1993.??.??"]
[Round "10"]
[White "Mariano, Christine Rose"]
[Black "Berezina, Irina"]
[Result "0-1"]
[WhiteElo "2005"]
[BlackElo "2195"]
[EventDate "1993.??.??"]
[PlyCount "82"]

1.e4 c5 2.Nf3 d6 3.d4 cxd4 4.Nxd4 Nf6 5.Nc3 Nc6 6.Bc4 e5 7.Nb3 Be7 8.O-O 
Be6 9.Bd3 O-O 10.h3 Rc8 11.f4 exf4 12.Bxf4 Ne5 13.Qe2 a6 14.Rad1 Nxd3 15.
cxd3 Bxb3 16.axb3 Qb6+ 17.d4 Qxb3 18.e5 Nd5 19.Nxd5 Qxd5 20.Qg4 Rfd8 21.
Bh6 g6 22.Rde1 Rc4 23.Rf4 Bf8 24.Qh4 Rc2 25.Rf3 dxe5 26.Rxe5 Qd7 27.Bxf8 
Rxf8 28.Rh5 f5 29.Rg3 Rc1+ 30.Kh2 Qc7 31.Rg5 Re1 32.Qh6 Rf7 33.h4 Re4 34.
Kh3 Rg7 35.Rc3 Qf4 36.Rf3 Qc1 37.Kh2 Rxd4 38.Rfxf5 Qc7+ 39.Re5 Rd5 40.Rg3 
Qxe5 41.Qc1 Rc7 0-1